Rodová rovnosť na Slovensku v kontexte európskeho vývoja

Analýza faktorov ovplyvňujúcich postavenie žien v spoločnosti na Slovensku a ich porovnanie s vývojom v krajinách Európskej únie.

Enregistré dans:
Détails bibliographiques
Auteur principal: Čičváková, Emília
Format: Chapitre de livre
Langue:slovaque
Sujets:
Tags: Ajouter un tag
Pas de tags, Soyez le premier à ajouter un tag!

MARC

LEADER 00000naa a2200000 4500
001 0156678
005 20220715093913.1
041 0 |a slo 
044 |a SK 
245 1 0 |a Rodová rovnosť na Slovensku v kontexte európskeho vývoja  |c Emília Čičváková 
520 |a Analýza faktorov ovplyvňujúcich postavenie žien v spoločnosti na Slovensku a ich porovnanie s vývojom v krajinách Európskej únie. 
610 2 0 |a Slovensko 
610 2 0 |a porovnanie štatistické medzinárodné 
610 2 0 |a vzťahy genderové 
610 2 0 |a Európska únia 
610 2 0 |a rovnosť rodová 
100 1 |a Čičváková, Emília